Т. 16 (2) : Токоферолы-Ульские; Новая Российская энциклопедия

Podrobná bibliografie
Parent link:Новая Российская энциклопедия/ гл. ред. А. Д. Некипелов. Т. 16 (2) : Токоферолы-Ульские.— , 2003-.— 5-94802-001-0
Shrnutí:Новая Российская энциклопедия (НРЭ) - фундаментальное универсальное справочно-информационное издание, представляющее читателям картину мира, отра­жающую современное состояние научного знания. Алфавитную часть энциклопедии открывает второй том. Всего в энциклопедии будет опубликовано св. 60 тыс. статей, в т.ч. ок. 30 тыс. биографий, более 10 тыс. иллюстраций, карт, диаграмм, схем и таблиц. Новая Российская энциклопедия ориентирована на широкие крути читателей: от школьников и студентов до специалистов по различным отраслям знаний, деяте­лей культуры, политиков, предпринимателей.
Jazyk:ruština
Vydáno: 2016
Edice:Энциклопедия
Témata:
Médium: MixedMaterials Kniha
KOHA link:https://koha.lib.tpu.ru/cgi-bin/koha/opac-detail.pl?biblionumber=316130

MARC

LEADER 00000nam2a2200000 4500
001 316130
005 20231102002838.0
010 |a 9785948020648 
010 |a 978-5-16-011676-1 
035 |a (RuTPU)RU\TPU\book\341568 
090 |a 316130 
100 |a 20160315d2016 km y0rusy50 ca 
101 0 |a rus 
102 |a RU 
105 |a a f 000zy 
200 0 |a Т. 16 (2) : Токоферолы-Ульские 
210 |d 2016 
215 |a 496 с.  |c ил. 
225 1 |a Энциклопедия 
330 |a Новая Российская энциклопедия (НРЭ) - фундаментальное универсальное справочно-информационное издание, представляющее читателям картину мира, отра­жающую современное состояние научного знания. Алфавитную часть энциклопедии открывает второй том. Всего в энциклопедии будет опубликовано св. 60 тыс. статей, в т.ч. ок. 30 тыс. биографий, более 10 тыс. иллюстраций, карт, диаграмм, схем и таблиц. Новая Российская энциклопедия ориентирована на широкие крути читателей: от школьников и студентов до специалистов по различным отраслям знаний, деяте­лей культуры, политиков, предпринимателей. 
461 1 |0 (RuTPU)RU\TPU\book\60725  |y 5-94802-001-0  |y 978-5-94802-001-3  |y 5-16-002383-6  |y 978-5-16-002383-0  |t Новая Российская энциклопедия  |f гл. ред. А. Д. Некипелов  |v Т. 16 (2) : Токоферолы-Ульские  |d 2003-  
606 1 |a Энциклопедии  |2 stltpush  |3 (RuTPU)RU\TPU\subj\21381  |9 46387 
610 1 |a справочные издания 
610 1 |a термины 
610 1 |a понятия 
610 1 |a персоналии 
610 1 |a энциклопедические издания 
686 |a Я20  |v LBC/SL-A  |2 rubbk 
801 1 |a RU  |b 63413507  |c 20160315 
801 2 |a RU  |b 63413507  |c 20191112  |g RCR 
942 |c BK 
959 |a 29/20160310  |d 1  |e 1750,00  |f ЧЗГЛ:1